| 000 | 00561nam a22001697a 4500 | ||
|---|---|---|---|
| 003 | CEME | ||
| 005 | 20210628203541.0 | ||
| 008 | 210119b xxu||||| |||| 00| 0 eng d | ||
| 040 | _c. | ||
| 082 | _a297.63 SAB | ||
| 100 |
_a Shahadat Hussian Awan, Malik _966194 |
||
| 245 | _aSabeel-e- ishq, hazoor nabi kareem peace be upon him key seerat-e- tayeba per ishk say likeh gey aik munfarid kitab | ||
| 260 |
_aLAHORE _bAKBAR-E-JEHAN PUBLICATION _c2007 |
||
| 300 | _a347P | ||
| 650 |
_aISLAM-BIOGRAPHT-PROPHET MUHAMMAD PEACE BE UPON HIM _966195 |
||
| 942 |
_cBK _2ddc |
||
| 999 |
_c574200 _d574200 |
||